000
00313nam a22001337a 4500
008
231104b |||||||| |||| 00| 0 eng d
020
_a
9789350142998
040
_a
06
100
_a
GARG DEEPAK.
245
_a
VLSI DESIGN
260
_a
NEW DELHI ARISTA PUB
_b
KATSON PUB
_c
31/10/23
300
_a
424
942
_c
02
999
_c
57631
_d
57631